000 00489nam a2200205Ia 4500
008 170918s9999 xx 000 0 und d
020 _a9780316053891
050 _bM414 2008
100 _aMass, Wendy
245 _aEvery soul a star /
245 _cWendy Mass.
250 _aFirst edition.
260 _aNew York :
260 _bLittle, Brown and Company,
260 _c2008
300 _a322 pages :
300 _bcolored illustration ;
300 _c19cm.
500 _a740
999 _c342045
_d342045